00330nam a22001337a 4500020001500000082001200015100001700027245004800044260002000092300000800112650003500120700002100155700002000176 a0471305839 a546 DOU aDougla Bodie aConcepts and Models of Inorganic Chemistry aNew YorkbWiley a928 aChemistryaInorganic Chemistry aMcDaniel Daral.H aAlexnder John.J